Global building costs (Record no. 105650)

MARC details
000 -LEADER
fixed length control field 00879cam a2200205 4500
001 - CONTROL NUMBER
control field ##L134329
008 - FIXED-LENGTH DATA ELEMENTS--GENERAL INFORMATION
fixed length control field 060726n2006 000 0 eng u
035 ## - SYSTEM CONTROL NUMBER
System control number (Sirsi) u134329
041 0# - LANGUAGE CODE
Language code of text/sound track or separate title eng
050 04 - LIBRARY OF CONGRESS CALL NUMBER
Classification number 692.5 $2 18
110 2# - MAIN ENTRY--CORPORATE NAME
Corporate name or jurisdiction name as entry element EC Harris
9 (RLIN) 4930
245 00 - TITLE STATEMENT
Title Global building costs
260 ## - PUBLICATION, DISTRIBUTION, ETC.
Place of publication, distribution, etc. London
Name of publisher, distributor, etc. EC Harris
Date of publication, distribution, etc. 2006
520 ## - SUMMARY, ETC.
Summary, etc. Presents a summary of the results and analysis of a survey carried out in Spring 2006 across EC Harris offices around the world. Finds that the majority of new EU countries have building costs around half those of the UK, whereas Denmark, Sweden, and Switzerland are consistently more expensive than the UK. Table and graph.
590 ## - LOCAL NOTE (RLIN)
Local note IKA010806 NTK
651 #4 - SUBJECT ADDED ENTRY--GEOGRAPHIC NAME
Geographic name EUROPEAN
690 ## - LOCAL SUBJECT ADDED ENTRY--TOPICAL TERM (OCLC, RLIN)
Topical term or geographic name as entry element BUILT ENVIRONMENT-BUILDING COSTS
856 40 - ELECTRONIC LOCATION AND ACCESS
Uniform Resource Identifier <a href="https://www.echarris.com">https://www.echarris.com</a>
Public note View the item free of charge at www.echarris.com...
942 ## - ADDED ENTRY ELEMENTS (KOHA)
Suppress in OPAC 0
Holdings
Withdrawn status Lost status Source of classification or shelving scheme Damaged status Not for loan Home library Current library Shelving location Date acquired Total Checkouts Full call number Barcode Date last seen Copy number Price effective from Koha item type
    Dewey Decimal Classification     Virtual Virtual Online 26/07/2006   ONLINE PUBLICATION 134329-1001 06/08/2019 1 06/08/2019 Book